000 00350nam a2200145Ia 4500
005 20251222144900.0
008 251222s9999||||xx |||||||||||||| ||spa||
020 _a1558595562
082 _a980.012/M86
100 _aMorris, Craig
245 4 _aThe Inka Empire:
250 _a1ra.ed.
264 _bAmerican Museum of Natural History
942 _cLIB
999 _c21928
_d21928